000 08540 a2200577 4500
003 Nust
005 20170207154049.0
035 _a(CaPaEBR)ebr10197008
040 _cNust
100 1 _aGreen, Jackie.
245 1 0 _aEvaluation (E-Book)
_h[Elektronisk resurs]
_cJackie Green and Jane South.
260 _aMaidenhead, Berkshire :
_bOpen University Press,
_c2006.
300 _aviii, 187 p. :
_bill.
440 0 _aKey concepts for public health practice
505 _aSection A: Principles 1 Section B: Practice 63 Section C: Challenges 111
650 0 _aEvaluation.
650 0 _aPublic health
_xEvaluation.
651 _aE-Book
655 7 _aElectronic books.
700 1 _aSouth, Jane.
710 2 _aebrary, Inc.
856 4 0 _uhttp://link.libris.kb.se/sfxbth?url_ver=Z39.88-2004&ctx_ver=Z39.88-2004&ctx_enc=info:ofi/enc:UTF-8&rfr_id=info:sid/sfxit.com:opac_856&url_ctx_fmt=info:ofi/fmt:kev:mtx:ctx&sfx.ignore_date_threshold=1&rft.object_id=1000000000406125&svc_val_fmt=info:ofi/fmt:kev:mtx:sch_svc&
856 4 0 _uhttp://link.libris.kb.se/sfxcthb?url_ver=Z39.88-2004&ctx_ver=Z39.88-2004&ctx_enc=info:ofi/enc:UTF-8&rfr_id=info:sid/sfxit.com:opac_856&url_ctx_fmt=info:ofi/fmt:kev:mtx:ctx&sfx.ignore_date_threshold=1&rft.object_id=1000000000406125&svc_val_fmt=info:ofi/fmt:kev:mtx:sch_svc&
856 4 0 _uhttp://link.libris.kb.se/sfxhib?url_ver=Z39.88-2004&ctx_ver=Z39.88-2004&ctx_enc=info:ofi/enc:UTF-8&rfr_id=info:sid/sfxit.com:opac_856&url_ctx_fmt=info:ofi/fmt:kev:mtx:ctx&sfx.ignore_date_threshold=1&rft.object_id=1000000000406125&svc_val_fmt=info:ofi/fmt:kev:mtx:sch_svc&
856 4 0 _uhttp://link.libris.kb.se/sfxhv?url_ver=Z39.88-2004&ctx_ver=Z39.88-2004&ctx_enc=info:ofi/enc:UTF-8&rfr_id=info:sid/sfxit.com:opac_856&url_ctx_fmt=info:ofi/fmt:kev:mtx:ctx&sfx.ignore_date_threshold=1&rft.object_id=1000000000406125&svc_val_fmt=info:ofi/fmt:kev:mtx:sch_svc&
856 4 0 _uhttp://link.libris.kb.se/sfxkau?url_ver=Z39.88-2004&ctx_ver=Z39.88-2004&ctx_enc=info:ofi/enc:UTF-8&rfr_id=info:sid/sfxit.com:opac_856&url_ctx_fmt=info:ofi/fmt:kev:mtx:ctx&sfx.ignore_date_threshold=1&rft.object_id=1000000000406125&svc_val_fmt=info:ofi/fmt:kev:mtx:sch_svc&
856 4 0 _uhttp://link.libris.kb.se/sfxkib?url_ver=Z39.88-2004&ctx_ver=Z39.88-2004&ctx_enc=info:ofi/enc:UTF-8&rfr_id=info:sid/sfxit.com:opac_856&url_ctx_fmt=info:ofi/fmt:kev:mtx:ctx&sfx.ignore_date_threshold=1&rft.object_id=1000000000406125&svc_val_fmt=info:ofi/fmt:kev:mtx:sch_svc&
856 4 0 _uhttp://link.libris.kb.se/sfxkth?url_ver=Z39.88-2004&ctx_ver=Z39.88-2004&ctx_enc=info:ofi/enc:UTF-8&rfr_id=info:sid/sfxit.com:opac_856&url_ctx_fmt=info:ofi/fmt:kev:mtx:ctx&sfx.ignore_date_threshold=1&rft.object_id=1000000000406125&svc_val_fmt=info:ofi/fmt:kev:mtx:sch_svc&
856 4 0 _uhttp://link.libris.kb.se/sfxlaub?url_ver=Z39.88-2004&ctx_ver=Z39.88-2004&ctx_enc=info:ofi/enc:UTF-8&rfr_id=info:sid/sfxit.com:opac_856&url_ctx_fmt=info:ofi/fmt:kev:mtx:ctx&sfx.ignore_date_threshold=1&rft.object_id=1000000000406125&svc_val_fmt=info:ofi/fmt:kev:mtx:sch_svc&
856 4 0 _uhttp://link.libris.kb.se/sfxlibris-hda?url_ver=Z39.88-2004&ctx_ver=Z39.88-2004&ctx_enc=info:ofi/enc:UTF-8&rfr_id=info:sid/sfxit.com:opac_856&url_ctx_fmt=info:ofi/fmt:kev:mtx:ctx&sfx.ignore_date_threshold=1&rft.object_id=1000000000406125&svc_val_fmt=info:ofi/fmt:kev:mtx:sch_svc&
856 4 0 _uhttp://link.libris.kb.se/sfxlibris-hgot?url_ver=Z39.88-2004&ctx_ver=Z39.88-2004&ctx_enc=info:ofi/enc:UTF-8&rfr_id=info:sid/sfxit.com:opac_856&url_ctx_fmt=info:ofi/fmt:kev:mtx:ctx&sfx.ignore_date_threshold=1&rft.object_id=1000000000406125&svc_val_fmt=info:ofi/fmt:kev:mtx:sch_svc&
856 4 0 _uhttp://link.libris.kb.se/sfxlibris-higa?url_ver=Z39.88-2004&ctx_ver=Z39.88-2004&ctx_enc=info:ofi/enc:UTF-8&rfr_id=info:sid/sfxit.com:opac_856&url_ctx_fmt=info:ofi/fmt:kev:mtx:ctx&sfx.ignore_date_threshold=1&rft.object_id=1000000000406125&svc_val_fmt=info:ofi/fmt:kev:mtx:sch_svc&
856 4 0 _uhttp://link.libris.kb.se/sfxlibris-hiha?url_ver=Z39.88-2004&ctx_ver=Z39.88-2004&ctx_enc=info:ofi/enc:UTF-8&rfr_id=info:sid/sfxit.com:opac_856&url_ctx_fmt=info:ofi/fmt:kev:mtx:ctx&sfx.ignore_date_threshold=1&rft.object_id=1000000000406125&svc_val_fmt=info:ofi/fmt:kev:mtx:sch_svc&
856 4 0 _uhttp://link.libris.kb.se/sfxlibris-hikr?url_ver=Z39.88-2004&ctx_ver=Z39.88-2004&ctx_enc=info:ofi/enc:UTF-8&rfr_id=info:sid/sfxit.com:opac_856&url_ctx_fmt=info:ofi/fmt:kev:mtx:ctx&sfx.ignore_date_threshold=1&rft.object_id=1000000000406125&svc_val_fmt=info:ofi/fmt:kev:mtx:sch_svc&
856 4 0 _uhttp://link.libris.kb.se/sfxliub?url_ver=Z39.88-2004&ctx_ver=Z39.88-2004&ctx_enc=info:ofi/enc:UTF-8&rfr_id=info:sid/sfxit.com:opac_856&url_ctx_fmt=info:ofi/fmt:kev:mtx:ctx&sfx.ignore_date_threshold=1&rft.object_id=1000000000406125&svc_val_fmt=info:ofi/fmt:kev:mtx:sch_svc&
856 4 0 _uhttp://link.libris.kb.se/sfxlnu?url_ver=Z39.88-2004&ctx_ver=Z39.88-2004&ctx_enc=info:ofi/enc:UTF-8&rfr_id=info:sid/sfxit.com:opac_856&url_ctx_fmt=info:ofi/fmt:kev:mtx:ctx&sfx.ignore_date_threshold=1&rft.object_id=1000000000406125&svc_val_fmt=info:ofi/fmt:kev:mtx:sch_svc&
856 4 0 _uhttp://link.libris.kb.se/sfxmah?url_ver=Z39.88-2004&ctx_ver=Z39.88-2004&ctx_enc=info:ofi/enc:UTF-8&rfr_id=info:sid/sfxit.com:opac_856&url_ctx_fmt=info:ofi/fmt:kev:mtx:ctx&sfx.ignore_date_threshold=1&rft.object_id=1000000000406125&svc_val_fmt=info:ofi/fmt:kev:mtx:sch_svc&
856 4 0 _uhttp://link.libris.kb.se/sfxmdh?url_ver=Z39.88-2004&ctx_ver=Z39.88-2004&ctx_enc=info:ofi/enc:UTF-8&rfr_id=info:sid/sfxit.com:opac_856&url_ctx_fmt=info:ofi/fmt:kev:mtx:ctx&sfx.ignore_date_threshold=1&rft.object_id=1000000000406125&svc_val_fmt=info:ofi/fmt:kev:mtx:sch_svc&
856 4 0 _uhttp://link.libris.kb.se/sfxmiu?url_ver=Z39.88-2004&ctx_ver=Z39.88-2004&ctx_enc=info:ofi/enc:UTF-8&rfr_id=info:sid/sfxit.com:opac_856&url_ctx_fmt=info:ofi/fmt:kev:mtx:ctx&sfx.ignore_date_threshold=1&rft.object_id=1000000000406125&svc_val_fmt=info:ofi/fmt:kev:mtx:sch_svc&
856 4 0 _uhttp://link.libris.kb.se/sfxoub?url_ver=Z39.88-2004&ctx_ver=Z39.88-2004&ctx_enc=info:ofi/enc:UTF-8&rfr_id=info:sid/sfxit.com:opac_856&url_ctx_fmt=info:ofi/fmt:kev:mtx:ctx&sfx.ignore_date_threshold=1&rft.object_id=1000000000406125&svc_val_fmt=info:ofi/fmt:kev:mtx:sch_svc&
856 4 0 _uhttp://link.libris.kb.se/sfxprv?url_ver=Z39.88-2004&ctx_ver=Z39.88-2004&ctx_enc=info:ofi/enc:UTF-8&rfr_id=info:sid/sfxit.com:opac_856&url_ctx_fmt=info:ofi/fmt:kev:mtx:ctx&sfx.ignore_date_threshold=1&rft.object_id=1000000000406125&svc_val_fmt=info:ofi/fmt:kev:mtx:sch_svc&
856 4 0 _uhttp://link.libris.kb.se/sfxrb?url_ver=Z39.88-2004&ctx_ver=Z39.88-2004&ctx_enc=info:ofi/enc:UTF-8&rfr_id=info:sid/sfxit.com:opac_856&url_ctx_fmt=info:ofi/fmt:kev:mtx:ctx&sfx.ignore_date_threshold=1&rft.object_id=1000000000406125&svc_val_fmt=info:ofi/fmt:kev:mtx:sch_svc&
856 4 0 _uhttp://link.libris.kb.se/sfxslub?url_ver=Z39.88-2004&ctx_ver=Z39.88-2004&ctx_enc=info:ofi/enc:UTF-8&rfr_id=info:sid/sfxit.com:opac_856&url_ctx_fmt=info:ofi/fmt:kev:mtx:ctx&sfx.ignore_date_threshold=1&rft.object_id=1000000000406125&svc_val_fmt=info:ofi/fmt:kev:mtx:sch_svc&
856 4 0 _uhttp://link.libris.kb.se/sfxsoh?url_ver=Z39.88-2004&ctx_ver=Z39.88-2004&ctx_enc=info:ofi/enc:UTF-8&rfr_id=info:sid/sfxit.com:opac_856&url_ctx_fmt=info:ofi/fmt:kev:mtx:ctx&sfx.ignore_date_threshold=1&rft.object_id=1000000000406125&svc_val_fmt=info:ofi/fmt:kev:mtx:sch_svc&
856 4 0 _uhttp://link.libris.kb.se/sfxsub?url_ver=Z39.88-2004&ctx_ver=Z39.88-2004&ctx_enc=info:ofi/enc:UTF-8&rfr_id=info:sid/sfxit.com:opac_856&url_ctx_fmt=info:ofi/fmt:kev:mtx:ctx&sfx.ignore_date_threshold=1&rft.object_id=1000000000406125&svc_val_fmt=info:ofi/fmt:kev:mtx:sch_svc&
856 4 0 _uhttp://link.libris.kb.se/sfxumub?url_ver=Z39.88-2004&ctx_ver=Z39.88-2004&ctx_enc=info:ofi/enc:UTF-8&rfr_id=info:sid/sfxit.com:opac_856&url_ctx_fmt=info:ofi/fmt:kev:mtx:ctx&sfx.ignore_date_threshold=1&rft.object_id=1000000000406125&svc_val_fmt=info:ofi/fmt:kev:mtx:sch_svc&
856 4 0 _uhttp://link.libris.kb.se/sfxuub?url_ver=Z39.88-2004&ctx_ver=Z39.88-2004&ctx_enc=info:ofi/enc:UTF-8&rfr_id=info:sid/sfxit.com:opac_856&url_ctx_fmt=info:ofi/fmt:kev:mtx:ctx&sfx.ignore_date_threshold=1&rft.object_id=1000000000406125&svc_val_fmt=info:ofi/fmt:kev:mtx:sch_svc&
856 4 0 _uhttp://site.ebrary.com/lib/kristianstad/Doc?id=10197008
856 4 0 _uhttp://webproxy.student.hig.se:2048/login?url=http://site.ebrary.com/lib/gavlebiblioteket/Doc?id=10197008
856 4 0 _uhttps://persefone.his.se/login?url=http://site.ebrary.com/lib/hiskovde/Doc?id=10197008
942 _2ddc
_cBK
999 _c193013
_d193013